| 000 | 00967nam a2200265 i 4500 | ||
|---|---|---|---|
| 003 | DO-SdBNP | ||
| 005 | 20230614083405.0 | ||
| 006 | a||||gr|||| 00| 0 | ||
| 007 | ta | ||
| 008 | 230613e2022 dr aoc|| |||| 00| 0 spa d | ||
| 040 |
_aDO-SdBNP _bspa _cBNPHU _erda |
||
| 082 | 4 |
_222 _bV491m |
|
| 245 | 1 | 0 |
_aMundos: _blos tránsitos de Fernando Varela./ _cFernando Varela; diseño gráfico, María Isabel Tejada, Rafael Collado |
| 264 | 1 |
_aSanto Domingo : _bCentro León, _bEXCEL, _c2022 |
|
| 300 |
_a257 páginas : _bIlustraciones, fotografías, retratos, 116 láminas ; _c29 cm |
||
| 336 |
_2rdaconten _atexto _btxt |
||
| 337 |
_2rdamedia _asin medición _bn |
||
| 338 |
_2rdacarrier _avolumen _bnc |
||
| 500 | _aIncluye catálogo en francés | ||
| 500 | _aIncluye pie de foto y notas de exposición | ||
| 546 | _aIncluye traducción en francés | ||
| 585 | _aExposición del 29 de enero al 24 de julio de 2022. | ||
| 590 | _aInventariado 2023 / MF | ||
| 942 |
_2ddc _cLBS1 |
||
| 999 |
_c53792 _d53792 |
||